Médallium Yo-Kai Watch - Statistiques

Statistiques générales
  • Ce quiz a été pris 50 fois
  • Le résultat moyen est 126 sur 245
Statistiques - réponses
yo-kai Rang Tribu % Correct
93 Jibanyan D Mignon
100%
94 Épinyan B Mignon
88%
214 Shogunyan S Vaillant
88%
95 Bandinyan B Mignon
80%
169 Corniot E Sinistre
80%
243 Gargaros Boss
80%
116 Granpapéti E Bienveillant
80%
55 Kyubi S Mystérieux
80%
1 Woko E Vaillant
80%
217 Camaïeul S Bienveillant
76%
27 Fouétar S Vaillant
76%
125 Jojojoyeux C Bienveillant
76%
101 Komajiro D Mignon
76%
99 Komasan D Mignon
76%
70 Loubarbare E Costaud
76%
80 Robonyan A Costaud
76%
216 Cabotin S Sinistre
72%
225 Crocho Boss
72%
215 Komashura S Mystérieux
72%
102 Komistigri A Mignon
72%
231 McKraken Boss
72%
212 Octorgone S Insaisissable
72%
244 Ogralos Boss
72%
224 Triptyk Boss
72%
218 Gorgouille S Costaud
68%
100 Komaous A Mignon
68%
5 Lamlam'mou C Vaillant
68%
179 Lulugubre D Sinistre
68%
189 Noko E Insaisissable
68%
81 Oronyan S Costaud
68%
245 Orqanos Boss
68%
117 Puissanfon B Bienveillant
68%
37 Toutouïe D Mystérieux
68%
3 Alfoncéo B Vaillant
64%
56 Barakabo S Mystérieux
64%
109 Blizzaria S Mignon
64%
223 Diamanyan A Mignon
64%
220 Émeranyan A Mignon
64%
12 Feulion C Vaillant
64%
118 Grainpère B Bienveillant
64%
8 Mochimacho D Vaillant
64%
2 Pagno C Vaillant
64%
191 Pandanoko A Insaisissable
64%
105 Pitou C Mignon
64%
242 Potofeu Boss
64%
219 Saphinyan A Mignon
64%
135 Tata Câlin S Bienveillant
64%
108 Angélik B Mignon
60%
226 Carpitaine Boss
60%
92 Cho-cho S Mignon
60%
106 Choubidou B Mignon
60%
110 Damona S Mignon
60%
57 Darabajoie E Costaud
60%
186 Éterna S Sinistre
60%
166 Flamente E Sinistre
60%
72 Frérosse A Costaud
60%
187 Insomnelle S Sinistre
60%
60 Nanpart E Costaud
60%
190 Nénunoko A Insaisissable
60%
213 Octorgombre S Insaisissable
60%
18 Orox S Vaillant
60%
221 Rubinyan A Mignon
60%
7 Sumochi D Vaillant
60%
134 Tata Aura S Bienveillant
60%
53 Tengu S Mystérieux
60%
4 Toumou E Vaillant
60%
233 Volteface Boss
60%
170 Bicorniot B Sinistre
56%
15 Bonneto C Vaillant
56%
30 Chaipô E Mystérieux
56%
87 Cigalopin E Mignon
56%
230 Dr.Jobard Boss
56%
235 Hydreux Boss
56%
96 Kappacap D Mignon
56%
162 Malmidal E Sinistre
56%
82 Misterre S Costaud
56%
141 Nihilistik E Sombre
56%
17 Padelou A Vaillant
56%
236 Porcinator Boss
56%
16 Sabri A Vaillant
56%
107 Satandre A Mignon
56%
25 Scarnage S Vaillant
56%
23 Scatcheur B Vaillant
56%
132 Tontonerre A Bienveillant
56%
222 Topanyan A Mignon
56%
20 B3-NK1 B Vaillant
52%
78 Castelius I A Costaud
52%
77 Castelius II B Costaud
52%
76 Castelius III C Costaud
52%
79 Castelius Max S Costaud
52%
90 Chihuaglagla E Mignon
52%
73 Coleroptère B Costaud
52%
198 Dracounet D Insaisissable
52%
200 Dragô S Insaisissable
52%
51 Espi B Mystérieux
52%
59 Goruma B Costaud
52%
172 Humidon E Sinistre
52%
229 Inamygal Boss
52%
207 Jacquasseur C Insaisissable
52%
185 Jouvencia S Sinistre
52%
85 Margoth C Mignon
52%
227 Ombraptor Boss
52%
133 Omnitonton S Bienveillant
52%
32 Papa ress E Mystérieux
52%
71 Racaïd B Costaud
52%
33 Ralbouc C Mystérieux
52%
83 Ressak S Costaud
52%
228 Sabroclair Boss
52%
6 Samoumouraï B Vaillant
52%
84 Squarlett E Mignon
52%
86 Squelèbelle B Mignon
52%
237 Styx VI Boss
52%
153 Tengubre C Sombre
52%
54 Tengurou S Mystérieux
52%
157 Timidémon A Sombre
52%
168 Volatriste A Sinistre
52%
167 Volibrius C Sinistre
52%
26 Zerberker S Vaillant
52%
11 Âmiral S Vaillant
48%
97 Appak A Mignon
48%
208 Bananar A Insaisissable
48%
34 Bastata C Mystérieux
48%
19 Benkei B Vaillant
48%
154 Bibliotengu B Sombre
48%
10 Bushidos A Vaillant
48%
184 Cenridion B Sinistre
48%
171 Cerbébert A Sinistre
48%
88 Cigaillard C Mignon
48%
58 Darumastar B Costaud
48%
130 Dédé A Bienveillant
48%
131 Dédestin A Bienveillant
48%
159 Dente S Sombre
48%
136 Égaroni E Sombre
48%
91 Froahuahua S Mignon
48%
62 Granpart A Costaud
48%
9 Heaumer D Vaillant
48%
39 Mémétal C Mystérieux
48%
111 Noripop E Bienveillant
48%
43 Padrézo D Mystérieux
48%
127 Potaumorose A Bienveillant
48%
151 Ragioni D Sombre
48%
113 Salsalga D Bienveillant
48%
24 Scarmouche S Vaillant
48%
199 Sire Dragon S Insaisissable
48%
139 Tendino C Sombre
48%
138 Tortico E Sombre
48%
124 Vitapillon S Bienveillant
48%
112 Wakapoeira E Bienveillant
48%
201 Bababou C Insaisissable
44%
38 Babalance B Mystérieux
44%
103 Baku D Mignon
44%
177 Blablara D Sinistre
44%
66 Boulapic D Costaud
44%
89 Cigazouille B Mignon
44%
75 Corniaque S Costaud
44%
40 Cupistol D Mystérieux
44%
173 Délujien B Sinistre
44%
234 Didgeai Boss
44%
41 Donjouant A Mystérieux
44%
45 Dynamo S Mystérieux
44%
142 Émousstik C Sombre
44%
52 Étassivilia B Mystérieux
44%
69 Etna Magma B Costaud
44%
174 Fryzeur E Sinistre
44%
31 Gagalurin E Mystérieux
44%
63 Hauber D Costaud
44%
176 Hémorhino D Sinistre
44%
156 Hennimi A Sombre
44%
98 Kappaloha A Mignon
44%
22 Kapunki A Vaillant
44%
175 Kongel B Sinistre
44%
68 Lama Laya C Costaud
44%
193 Méroubadour C Insaisissable
44%
188 Morféa S Sinistre
44%
195 Murhaine D Insaisissable
44%
238 Nébulor Boss
44%
155 Nimpégase A Sombre
44%
64 Pachycoul C Costaud
44%
121 Papiltation D Bienveillant
44%
122 Papiltension D Bienveillant
44%
126 Paradoxa A Bienveillant
44%
61 Passpa A Costaud
44%
239 Pr Létripe Boss
44%
74 Rhinolimit S Costaud
44%
14 Siro A Vaillant
44%
129 Supernoël B Bienveillant
44%
21 Sushiyama B Vaillant
44%
150 Suspicioni D Sombre
44%
46 Télémir C Mystérieux
44%
202 Tourneboul B Insaisissable
44%
197 Vexturgeon A Insaisissable
44%
13 Vibrilion B Vaillant
44%
114 Amoiz E Bienveillant
40%
192 Anghihihille D Insaisissable
40%
158 Belzel S Sombre
40%
140 Contracto B Sombre
40%
203 Croquin C Insaisissable
40%
44 Émettor A Mystérieux
40%
143 Grattoptère A Sombre
40%
240 Hagacurée Boss
40%
123 Hyprapillon A Bienveillant
40%
204 Inisquale B Insaisissable
40%
161 Maltesse S Sombre
40%
144 Marcognito E Sombre
40%
35 Marra D Mystérieux
40%
29 Matchou D Mystérieux
40%
181 Méphito A Sinistre
40%
182 Misterbide A Sinistre
40%
28 Morvobec E Mystérieux
40%
42 Nonjuan A Mystérieux
40%
47 Nuiroir A Mystérieux
40%
137 Onisoi D Sombre
40%
180 Pégaz C Sinistre
40%
65 Persévéfant C Costaud
40%
115 Pikor D Bienveillant
40%
241 Rancornet Boss
40%
196 Saumhonni B Insaisissable
40%
178 Umilie C Sinistre
40%
160 Vénaldo S Sombre
40%
36 Violette C Mystérieux
40%
67 Bouldacier D Costaud
36%
148 Chauv'coucou A Sombre
36%
164 Chiperpiou E Sinistre
36%
152 Contrarioni B Sombre
36%
163 Écchinose D Sinistre
36%
183 Flopito A Sinistre
36%
48 Hiblusion C Mystérieux
36%
50 Hibourling B Mystérieux
36%
49 Hibrouille C Mystérieux
36%
145 Ninjamévu B Sombre
36%
165 Pioubidou D Sinistre
36%
194 Urnaconda C Insaisissable
36%
205 Claquille C Insaisissable
32%
119 Nomoné D Bienveillant
32%
128 Ratatam B Bienveillant
32%
104 Tapur C Mignon
32%
149 Vampiloc A Sombre
32%
211 Vipairflay A Insaisissable
32%
210 Vipérâle B Insaisissable
32%
209 Vipètesec B Insaisissable
32%
147 Chauvekipeut D Sombre
28%
206 Cocpille B Insaisissable
28%
232 McKraken V2 Boss
28%
146 Nihilo A Sombre
24%
120 Noproblemo C Bienveillant
24%
Aucun quiz correspondant
Distribution des résultats
% des personnes avec chaque résultat
Percentile par nombre de réponses
Votre historique - résultats
Vous n’avez pas pris ce quiz